000 00545nam a22001697a 4500
003 BD-ChCU
005 20251211131936.0
008 251211b bg ||||| |||| 00| 0 ben d
040 _cBD-ChCU
082 _a510.7832 STT
100 _aStevenson , J.
_918070
245 _aThe tradesman's ready calculator of measurements :
_bfor masons , bricklayers , plasterers , slaters , decorators, asphalters , etc./
_cJ. Stevenson .
260 _aLondon :
_bRoutledge ,
300 _a64p
650 0 _aCalculating Machines.
_918072
942 _2ddc
_cBK
_n0
999 _c110407
_d110407